000 02548cam a2200385 i 4500
001 23636394
005 20251204104920.0
008 240410s2024 enk b 001 0 eng d
010 _a 2024936385
020 _a0198888716
_q(hardcover)
020 _a9780198888710
_q(hardcover)
035 _a23636394
035 _a(OCoLC)1443482946
040 _aYDX
_beng
_erda
_cYDX
_dEUM
_dOCLCO
_dYDX
_dOCLCO
_dDLC
042 _alccopycat
043 _ae-uk---
082 0 4 _a346.41
_223
245 0 0 _aBorderlines in private law /
_cedited by William Day, Julius Grower.
264 1 _aOxford :
_bOxford University Press,
_c[2024]
300 _axxvi, 294 pages ;
_c24 cm.
336 _atext
_btxt
_2rdacontent
365 _bRs. 10660.00
504 _aIncludes bibliographical references and index.
505 _a1:Borderlines in Private Law: An Introduction, Lord Sales - 2:Contract's Borderlines, Mrs Justice Cockerill - 3:Contract and Tort, Janet O'Sullivan - 4:Contract and Equity, Julius AW Grower - 5:Tort's Borderlines, Lady Chief Justice, Lady Carr - 6:Tort and Equity, Nicholas J McBride - 7:Tort and Unjust Enrichment, Rory Gregson - 8:Unjust Enrichment's Borderlines, Mr Justice Foxton - 9:Unjust Enrichment and Contract, William Day - 10:Unjust Enrichment and Equity, Graham Virgo - 11:Equity's Borderlines, Mr Justice Marcus Smith - 12:Property and Equity, Ben McFarlane - 13:Property and Contract, Sarah Worthington - 14:Property's Borderlines, Mr Justice Fancourt - 15:Property and Tort, Alexander Waghorn - 16:Property and Unjust Enrichment, Helen Scott - 17:Borderlines in Private Law: A Response, Robert Stevens.
520 _a"It was a pleasure to attend the conference which generated this edited collection. I learned a lot from the papers circulated and the conference presentations. As appears from a number of the chapters in this book, the notion of borderlines is intimately connected with the idea of taxonomy in law. Both are aspects of the very basic impulse to treat legal doctrine as a topic of study and debate"--
_cProvided by publisher.
650 0 _aCivil law
_zGreat Britain.
650 0 _aLaw
_zGreat Britain
_xClassification.
650 0 _aTorts
_zGreat Britain.
650 6 _aResponsabilité civile
_zGrande-Bretagne.
700 1 _aDay, William
_c(Barrister and law teacher),
_eeditor.
700 1 _aGrower, Julius,
_eeditor.
906 _a7
_bcbc
_ccopycat
_d2
_eepcn
_f20
_gy-gencatlg
942 _2ddc
_cBK
999 _c214127
_d214127